Dopasuj język do alfabetu - Statystyki

Ogólne statystyki
  • Ten quiz został rozwiązany 198 razy
  • Średni wynik to 8 z 15
Statystyki odpowiedzi
Alfabet Język % Poprawnych
A, Ą, B, C, Ć, D, E, Ę, F, G, H, I, J, K, L, Ł, M, N, Ń, O, Ó, P, (Q), R, S, Ś, T, U, (V), W, (X), Y, Z, Ź, Ż Polski
96%
А, Б, В, Г, Д, Е, Ё, Ж, З, И, Й, К, Л, М, Н, О, П, Р, С, Т, У, Ф, Х, Ц, Ч, Ш, Щ, Ъ, Ы, Ь, Э, Ю, Я Rosyjski
94%
А, Б, В, Г, Ґ, Д, Е, Є, Ж, З, И, І, Ї, Й, К, Л, М, Н, О, П, Р, С, Т, У, Ф, Х, Ц, Ч, Ш, Щ, Ь, Ю, Я, Ukraiński
82%
A, Á, B, C, Č, D, Ď, E, É, Ě, F, G, H, I, Í, J, K, L, M, N, Ň, O, Ó, P, (Q), R, Ř, S, Š, T, Ť, U, Ú, Ů, V, (W), (X), Y, Ý, Z, Ž Czeski
75%
A, B, C, D, E, F, G, H, I, J, (K), L, M, N, Ñ, O, P, Q, R, S, T, U, V, (W), X, Y, Z Hiszpański
75%
Α, Β, Γ, Δ, Ε, Ζ, Η, Θ, Ι, Κ, Λ, Μ, Ν, Ξ, Ο, Π, Ρ, Σ, Τ, Υ, Φ, Χ, Ψ, Ω Grecki
74%
A, B, C, Ç, D, E, F, G, Ğ, H, I, İ, J, K, L, M, N, O, Ö, P, R, S, Ş, T, U, Ü, V, Y, Z Turecki
55%
A, Ă, Â, B, C, D, E, F, G, H, I, Î, J, (K), L, M, N, O, P, (Q), R, S, Ș, T, Ț, U, V, (W), X, (Y), Z
Rumuński
46%
A, Á, B, C, D, E, É, F, G, H, I, Í, J, K, L, M, N, O, Ó, Ö, Ő, P, (Q), R, S, T, U, Ú, Ü, Ű, V, (W), (X), (Y), Z Węgierski
43%
A, Á, B, D, Ð, E, É, F, G, H, I, Í, J, K, L, M, N, O, Ó, P, R, S, T, U, Ú, V, X, Y, Ý, Þ, Æ, Ö Islandzki
39%
A, B, (C), D, E, (F), G, H, I, J, K, L, M, N, O, P, (Q), R, S, (Š), (Z), (Ž), T, U, V, (W), Õ, Ä, Ö, Ü, (X), (Y) Estoński
38%
A, Ā, B, C, Č, D, E, Ē, F, G, Ģ, H, I, Ī, J, K, Ķ, L, Ļ, M, N, Ņ, O, P, R, S, Š, T, U, Ū, V, Z, Ž Łotewski
37%
А, Ә, Б, В, Г, Ғ, Д, Е, Ё, Ж, З, И, Й, К, Қ, Л, М, Н, Ң, О, Ө, П, Р, С, Т, У, Ұ, Ү, Ф, Х, Һ, Ц, Ч, Ш, Щ, Ъ, Ы, І, Ь, Э, Ю, Я Kazachski
32%
A, Ă, Â, B, C, D, Đ, E, Ê, (F), G, H, I, (J), K, L, M, N, O, Ô, Ơ, P, Q, R, S, T, U, Ư, V, (W), X, Y, (Z) Wietnamski
17%
A, B, Ċ, D, E, F, Ġ, G, H, Ħ, I, J, K, L, M, N, O, P, Q, R, S, T, U, V, W, X, Ż, Z Maltański
15%
Nie znaleziono quizów pasujących do podanych kryteriów
Rozkład punktacji
Procent ludzi z każdym wynikiem
Percentyl według liczby udzielonych odpowiedzi
Twoja historia wyników
Nie rozwiązałeś tego quizu